| 000 | 00675cam a22002175a 4500 | ||
|---|---|---|---|
| 001 | L154756 | ||
| 008 | 120117s1988 xxk f 000 0 eng d | ||
| 035 | _a(Sirsi) u154756 | ||
| 041 | 0 | _aeng | |
| 110 | 2 |
_aNational Association of Realtors _9895 |
|
| 245 | 0 | 0 | _aSubject headings for real estate libraries |
| 250 | _a6th ed. | ||
| 260 |
_aChicago _bNAR _c[1988] |
||
| 300 |
_a239p. _bspiral bound _c28cm. |
||
| 520 | _aA list of subject terms in use at the National Association of Realtors Library in 1988. | ||
| 651 | 4 |
_aUnited States _y1959- |
|
| 690 |
_aCommercial property _96227 |
||
| 690 |
_aResidential property _96266 |
||
| 690 |
_aValuation _96273 |
||
| 942 | _n0 | ||
| 999 |
_c113132 _d113132 |
||